|
|
|
|
| LEADER |
00000nam a22000007a 4500 |
| 005 |
20191008235418.0 |
| 007 |
cr|||| |||| |
| 008 |
191008s2019 pe |||||s|||| 00||0 spa d |
| 020 |
|
|
|a 9786139411504
|
| 035 |
|
|
|a 29544
|
| 040 |
|
|
|a vLex
|
| 090 |
|
|
|c 9739
|d 9739
|
| 100 |
1 |
|
|a Zavaleta Alvarez, Michael
|
| 245 |
1 |
0 |
|a Trust y Fideicomisos
|h [Recurso electrn̤ico] /
|c Michael Zavaleta Alvarez, Vanessa Abreu Sancho
|
| 256 |
|
|
|a Servicio en ln̕ea
|
| 260 |
|
|
|a Lima:
|b Editorial Acadm̌ica Espaǫla,
|c 2019
|
| 300 |
|
|
|a 1 recurso electrn̤ico
|
| 500 |
|
|
|a El objetivo del presente libro es determinar el tratamiento tributario de los fideicomisos y trust en el Per,︢ as ̕como a la luz del Derecho y Fiscalidad Comparada. Como se sabe no existe uniformidad sobre el tratamiento legal tributario y corporativo del fideicomiso -del derecho romano-germǹico- y mucho menos del trust -del common-law-, as ̕como tampoco sobre ninguna de sus especies, razn̤ por la cual se les denomina por los financistas como “patrimonios contables autn̤omos hb̕ridos”, dado que no tiene una naturaleza financiera clara, al igual que tampoco la tiene respecto de su esencia jurd̕ica y tributaria. Vale decir que, este problema no solo se presenta en nuestra legislacin̤ nacional, por el contrario, se da en todo el mundo. Ahora bien, existen distintas figuras del derecho que se encuentran de alguna forma homologadas en el mundo del Derecho civil, es el caso de la compra-venta homologada en el sistema civil romano, modelo que siguen los europeos y americanos –eliminando UK y USA-.
|
| 506 |
1 |
|
|a Disponible solo en los productos indicados
|d vLex Global
|d vLex Global (Academic Edition, excluding Law Schools)
|d vLex Global (U.S. Academic Edition, Law Schools)
|d vLex Global (U.S. Academic Edition, excluding Law Schools)
|d vLex Global (Academic Edition, Law Schools)
|
| 650 |
0 |
4 |
|a Derecho Fiscal
|z Per︢
|
| 700 |
1 |
|
|a Abreu Sancho, Vanessa
|
| 740 |
0 |
|
|a vLex Libros (Servicio en ln̕ea)
|
| 856 |
4 |
0 |
|u http://vlex.com/source/29544
|z Acceso restringido
|
| 942 |
|
|
|c BOOK
|
| 999 |
0 |
|
|a Tax Law
|